000 00351nam a22001457a 4500
020 _a0851316077 (pbk) :
040 _cUKM
082 0 4 _a636 ALL 1995 A090 Or.
100 1 _aBrega, Julie
245 1 4 _aThe horse
_b: physiology /
260 _aLondon :
_bJ. A. Allen,
_c1995
300 _axvi, 208 p. :
_bill. ;
_c24 cm
650 0 _aHorses
942 _cEK
999 _c15954
_d15954